| 000 | 00819nas a2200265 4500 | ||
|---|---|---|---|
| 001 | BR2012004703 | ||
| 003 | BR-BrBNA | ||
| 005 | 20231205120813.0 | ||
| 007 | ta | ||
| 008 | 230509b bl.|||p| |||| 00| 00por d | ||
| 040 |
_aBR-BrBNA _bpor _cBiblioteca Nacional de Agricultura |
||
| 041 | _a(Pt) | ||
| 072 | _aQ70; Q04 | ||
| 100 | 1 | _aSousa, M.S.B. | |
| 100 | 1 | _aVieira, L.M. | |
| 100 | 1 | _aLima, A. de | |
| 245 | 1 | _aFenólicos totais e capacidade antioxidante in vitro de resíduos de polpas de frutas tropicais | |
| 650 | _aACEROLA | ||
| 650 | _aGOIABA | ||
| 650 | _aPIGMENTO | ||
| 650 | _aCOMPOSTO FENÓLICO | ||
| 773 | 0 |
_tBrazilian Journal of Food Technology (Brazil) _xISSN 1519-0900 _g(Jul-Sep 2011), v.14(3) p. 202-210 _wBR2012004703 |
|
| 909 |
_a202311 _bLúcia _c55 _dLúcia Elande |
||
| 942 |
_2AGRIS _n0 _cANA |
||
| 999 |
_c220391 _d220391 |
||